Entwicklungen in Nordrhein-Westfalen Statistischer Jahresbericht 1992

Na minha lista:
Detalhes bibliográficos
Formato: Livro
Idioma:alemão
Publicado em: Düsseldorf Landesamt für Datenverarbeitung und Statistik 1993
Edição:1. Aufl.
Assuntos:
Tags: Adicionar Tag
Sem tags, seja o primeiro a adicionar uma tag!

MARC

LEADER 00000nam a2200000 4500
001 c003892
005 20221214082038.5
041 0 |a ger 
044 |a DE 
245 1 0 |a Entwicklungen in Nordrhein-Westfalen  |b Statistischer Jahresbericht 1992 
250 |a 1. Aufl. 
264 1 |a Düsseldorf  |b Landesamt für Datenverarbeitung und Statistik  |c 1993 
300 |a 42 s. 
610 2 0 |a údaje štatistické 
610 2 0 |a obyvateľstvo 
610 2 0 |a odvetvia priemyselné 
610 2 0 |a Nemecko 
610 2 0 |a Severné Porýnie-Vestfálsko 
610 2 0 |a ruch cestovný 
610 2 0 |a doprava 
610 2 0 |a ochrana prostredia životného 
610 2 0 |a financie 
610 2 0 |a dávky sociálne 
610 2 0 |a školstvo 
610 2 0 |a poľnohospodárstvo 
610 2 0 |a trh práce 
610 2 0 |a obchod zahraničný